| 000 | 01605cam a22004334i 4500 | ||
|---|---|---|---|
| 003 | PE-LiUPU | ||
| 005 | 20250731173435.0 | ||
| 008 | 150616s r 000 0 d | ||
| 035 | _a(Sirsi) a537 | ||
| 040 |
_aPE-LiUPU _bspa _cPE-LiUPU _erda |
||
| 049 | _aPRUA | ||
| 082 | 0 | 4 |
_a284.1 _bN494t _221 |
| 100 | 1 |
_aNeunheuser, Burkart, _eautor. |
|
| 245 | 1 | 3 |
_aLa teología protestante en Alemanía / _cBurkart Neunheuser. |
| 264 | 1 |
_aBarcelona : _bEditorial Herder, _c1965. |
|
| 300 |
_a142 páginas ; _c18 centímetros. |
||
| 336 |
_atext _2rdacontent |
||
| 337 |
_aunmediated _2rdamedia |
||
| 338 |
_avolume _2rdacarrier |
||
| 490 | 0 |
_a(Pequeña Biblioteca Herder ; _v68) |
|
| 504 | _aIncluye bibliografía. | ||
| 505 | 0 | _aLos teólogos del siglo XIX: -F. E. D. Schleiermacher -- A. Ritschl -- S. Kierkegaard -- Harnack y la escuela liberal: -Harnack -- Otros representantes de la escuela liberal -- Tendencias actuales: -Reflexiones actuales sobre la ortodoxia protestante y el teólogo K. Heim -- Karl Barth y la teología dialéctica -- Actitud en el campo eclesiológico -- Tendencias litúrgicas del círculo de Berneuchen y las obras de W. Stahlin -- Actitudes diversas. | |
| 526 | _aSEG42 | ||
| 526 | _aSEG41 | ||
| 526 | _aSEG40 | ||
| 526 | _aSEG39 | ||
| 526 | _aP94 | ||
| 526 | _aP87 | ||
| 526 | _aP86 | ||
| 526 | _aP85 | ||
| 526 | _aP77 | ||
| 526 | _aP76 | ||
| 526 | _aP35 | ||
| 650 | 1 | 4 |
_aProtestantismo _zAlemania. |
| 910 | _ajck | ||
| 942 |
_2ddc _cBK |
||
| 999 |
_c56390 _d56390 |
||
| 980 |
_81 _gALBERTO SANCHEZ Responsable de Automatización |
||